000 01360nam0a2200325 4500
001 RU\NLR\bibl\3395
005 20260406052907.0
021 _aRU
_b98-1124
_957
035 _a(NLR Aleph) 000003277
090 _a6876
_c6876
100 _a19980716d1997 |||y0rusy50 ca
101 0 _arus
102 _aRU
105 _a|||||||||||||
200 1 _aАктуальные проблемы антибиотикотерапии
_fД.Н. Лазарева, В.В. Плечев, З.Я. Муртазин
210 _aУфа
_cБГМУ
_cНПО "Башбиомед"
_d1997
215 _a188 с.
_cил.
_d20
320 _aБиблиогр. в конце гл.
606 0 _aАнтибиотики
_xЛечебное применение
_9992480
_3RU\NLR\auth\6657229
686 _aР281.811.1
700 1 _4070
_8rus
_7ca
_aЛазарева
_bД. Н.
_cд-р мед. наук
_gДина Наумовна
_3RU\NLR\auth\777756
_9117687
701 1 _4070
_8rus
_7ca
_aПлечев
_bВ. В.
_f1949-
_gВладимир Вячеславович
_3RU\NLR\AUTH\777757
_9117688
701 1 _4070
_8rus
_7ca
_aМуртазин
_bЗ. Я.
_gЗуфар Ядкарович
_3RU\NLR\auth\777758
_9117689
801 0 _aRU
_bNLR
_c19980716
_gPSBO
801 1 _aRU
_bNLR
_c19980716
830 _aАвт. раскрыты по кн.
852 _aNLR
_j98-3/1428
942 _cBOOK
980 _aNB